000 00546nam a2200193 i 4500
001 40562
003 ES-MaACL
005 20230906160246.0
007 t|
008 030306s1909 fr ||||1| fre d
100 1 _aCarre, P.
_935600
245 1 4 _aLes produits pharmaceutiques industriels /
_cpar P. Carre.
260 _aParis :
_bOctave Doin,
_c1909 (
_fRenouard)
300 _a2 v. ;
_c18 cm.
490 1 _aEncyclopédie scientifique
830 0 _aEncyclopédie scientifique
_9180883
852 _aES-MaACL
_jC-4457-58
999 _c40562
_d40562